|
|
|
|
| LEADER |
00000nam2a2200000 4500 |
| 001 |
180510 |
| 005 |
20240914063124.0 |
| 035 |
|
|
|a (RuTPU)RU\TPU\book\195682
|
| 090 |
|
|
|a 180510
|
| 100 |
|
|
|a 20100518d1987 km y0rusy50 ca
|
| 101 |
0 |
|
|a rus
|
| 102 |
|
|
|a RU
|
| 105 |
|
|
|a ac z 001zb
|
| 200 |
0 |
|
|a Т. 2. Альбом
|f авт. вступит. статьи Е. В. Павлова
|
| 210 |
|
|
|d 1987
|
| 215 |
|
|
|a 359 с.
|c ил.
|d 27 см.
|
| 320 |
|
|
|a Список иллюстраций, помещенных во II томе издания: с. 353-359.
|
| 461 |
|
1 |
|0 (RuTPU)RU\TPU\book\195680
|t А. С. Пушкин в русской и советской иллюстрации
|o в 2 т.
|f сост. И. Н. Врубель и В. Ф. Муленкова ; оформление В. Я. Черниевского
|v Т. 2. Альбом
|d 1987
|
| 600 |
|
1 |
|a Пушкин
|b А. С.
|c российский поэт
|c писатель
|f 1799-1837
|g Александр Сергеевич
|7 ca
|8 rus
|2 stltpush
|3 (RuTPU)RU\TPU\pers\1026
|9 453
|
| 610 |
1 |
|
|a книжная графика
|
| 610 |
1 |
|
|a книжные гравюры
|
| 610 |
1 |
|
|a книжные иллюстрации
|
| 610 |
1 |
|
|a русская графика
|
| 610 |
1 |
|
|a советская графика
|
| 610 |
1 |
|
|a 19 век
|
| 610 |
1 |
|
|a 20 век
|
| 610 |
1 |
|
|a альбомы
|
| 702 |
|
1 |
|a Павлова
|b Е. В.
|4 080
|
| 801 |
|
1 |
|a RU
|b 63413507
|c 20100518
|
| 801 |
|
2 |
|a RU
|b 63413507
|c 20100518
|g RCR
|
| 942 |
|
|
|c BK
|